Brisbane Broncos 2023 Squad - Statistics

General Stats
  • This quiz has been taken 162 times
  • The average score is 15 of 33
Answer Stats
Answer % Correct
Reece Walsh
97%
Adam Reynolds
94%
Patrick Carrigan
87%
Ezra Mam
86%
Payne Haas
83%
Selwyn Cobbo
79%
Kotoni Staggs
78%
Herbie Farnworth
70%
Jordan Riki
70%
Corey Oates
66%
Billy Walters
64%
Tom Flegler
56%
Deine Mariner
51%
Tyson Smoothy
48%
Kurt Capewell
46%
Brendan Piakura
43%
Top 30 squad - 2023 NRL season Jesse Arthars
43%
Kobe Hetherington
40%
Cory Paix
39%
Corey Jensen
38%
Tristan Sailor
38%
Xavier Willison
34%
Blake Mozer
30%
Jock Madden
28%
Ben Te Kura
26%
Keenan Palasia
24%
Josh Rogers
20%
Martin Taupau
19%
Delouise Hoeter
13%
Jordan Pereira
12%
Logan Bayliss-Brow
7%
Extended squad Israel Leota
4%
Development players Brendan Frei
2%
No matching quizzes found
Score Distribution
Percent of People with Each Score
Percentile by Number Answered
Your Score History
You have not taken this quiz